000 00445nam a2200181Ia 4500
008 230524s9999 xx 000 0 und d
020 _a97881131502938
082 _a658.3
_bKUR
100 _aDavid L.Kurtz
245 0 _aPrinciples of Marketing 12th ed.
250 _aIST
260 _aNEW DELHI
_bCengage
_c2008
300 _aXIII;597
500 _aQuantity Number: 31
650 _aManagement
700 _a Louis E.Boone
942 _cBK
999 _c41324
_d41324